[Event "Hajduszoboszlo op 2nd"]
[Site "Hajduszoboszlo"]
[Date "2024.02.09"]
[Round "3"]
[White "Herczeg, Benedek"]
[Black "Miksi, Benjamin"]
[Result "1-0"]
[WhiteElo "1604"]
[BlackElo "1290"]
[PlyCount "71"]
[EventDate "2024.02.08"]
[EventType "swiss"]
[EventRounds "7"]
[EventCountry "HUN"]
[SourceTitle "CB08_2024"]
[SourceDate "2024.02.21"]
[SourceVersion "1"]
[SourceVersionDate "2024.02.21"]
[SourceQuality "1"]

1. e4 e6 2. d4 d5 3. exd5 exd5 4. c4 c6 5. Nc3 Nf6 6. Nf3 Be7 7. Be2 0-0 8. 0-0 Bg4 9. Re1 h6 10. Ne5 Bxe2 11. Qxe2 Re8 12. cxd5 Nxd5 13. Qh5 Rf8 14. Nxd5 Qxd5 15. Qg4 Qe6 16. Qxe6 fxe6 17. Ng6 Bf6 18. Nxf8 Kxf8 19. Be3 Na6 20. a3 Nc7 21. Bf4 Nb5 22. Be5 Bxe5 23. dxe5 Ke7 24. Rad1 Rf8 25. g3 Nc7 26. Rd3 Nd5 27. Rb3 Rb8 28. Re4 Kf7 29. Rc4 Nb6 30. Rf4+ Ke7 31. a4 Nd5 32. Rc4 Nb6 33. Rcb4 Rf8 34. a5 Rf5 35. axb6 a6 36. f4 1-0

[Event "Hajduszoboszlo op 2nd"]
[Site "Hajduszoboszlo"]
[Date "2024.02.09"]
[Round "2"]
[White "Miksi, Benjamin"]
[Black "Rzepka, Marcin"]
[Result "1/2-1/2"]
[WhiteElo "1290"]
[BlackElo "1586"]
[PlyCount "43"]
[EventDate "2024.02.08"]
[EventType "swiss"]
[EventRounds "7"]
[EventCountry "HUN"]
[SourceTitle "CB08_2024"]
[SourceDate "2024.02.21"]
[SourceVersion "1"]
[SourceVersionDate "2024.02.21"]
[SourceQuality "1"]

1. d4 g6 2. c4 Bg7 3. Nc3 c5 4. Nf3 cxd4 5. Nxd4 Nc6 6. e3 Nf6 7. Nf3 0-0 8. Be2 d6 9. 0-0 a6 10. a3 b6 11. Nd4 Nxd4 12. exd4 Bb7 13. Bf3 Bxf3 14. Qxf3 Rc8 15. Qd3 Qc7 16. c5 dxc5 17. dxc5 Ng4 18. g3 Qxc5 19. Qxa6 Bxc3 20. bxc3 Qxc3 21. Rb1 Ne5 22. Rxb6 1/2-1/2